00408nam a22001577a 4500003000400000008004100004020001800045082001600063100002000079245006300099250000800162260002400170300000800194650002700202700002100229OSt240513b |||||||| |||| 00| 0 eng d a9788176603867 a615.321 GAT aGAWAI, Ashish.A aTextbook of Quality Control and Standardization of Herbals a1st aPunebEverestc2023 a272 aHARBAL DRUG TECHNOLOGY aWAYAL, Sandesh.R